Gaming Quiz

Random Gaming or Alphabet Quiz

Letters Minefield: Monopoly (US) Quiz Stats

 Plays Quiz Updated Mar 28, 2017

Support Sporcle.
Go Orange.
Score 0/15 Timer 01:00
21 Plays Today
% Correct
???
82.1%
???
65.9%
???
63.6%
???
60.6%
???
56.1%
???
54.5%
???
47.9%
???
47.2%
% Correct
???
46.4%
???
45.2%
???
42.6%
???
40.1%
???
36.3%
???
32.4%
???
29.6%

You're not logged in!

Compare scores with friends on all Sporcle quizzes.
OR
Log In
Forgot?

From the Vault

Harry Potter Chain: Deathly Hallows

by lolshortee

Hallowed be thy Potter quizzes.
Remove Ads.
Support Sporcle.
Get the best of Sporcle when you Go Orange. This ad-free experience offers more features, more stats, and more fun while also helping to support Sporcle. Thank you for becoming a member.

Show Comments

Extras

Top Quizzes Today


Score Distribution

Your Account Isn't Verified!

In order to create a playlist on Sporcle, you need to verify the email address you used during registration. Go to your Sporcle Settings to finish the process.

Report this User

Report this user for behavior that violates our Community Guidelines.

Details: